|
|
|
|
| LEADER |
00000nab#a22000007a#4500 |
| 001 |
arbauad013761 |
| 003 |
AR-BaUAD |
| 005 |
20250711111329.0 |
| 008 |
950922|||||||||###||||||b###|0###a|spa|| |
| 040 |
|
|
|a AR-BaUAD
|c AR-BaUAD
|b spa
|
| 245 |
1 |
0 |
|a The denim standard
|
| 300 |
0 |
|
|b fot.
|
| 500 |
|
|
|a El mercado del jeans.
|
| 653 |
|
|
|a ESTADOS UNIDOS
|
| 653 |
|
|
|a JEANS
|
| 653 |
|
|
|a MARKETING
|
| 773 |
0 |
|
|t Vogue
|g v. 185, no. 4 [abr. 1995], p. 372-375
|
| 942 |
|
|
|c ARTI
|
| 952 |
|
|
|0 0
|1 0
|4 0
|7 0
|9 58681
|a AR-BAuAD
|b AR-BAuAD
|d 2025-07-11
|l 0
|p AAQA013761
|r 2025-07-11 11:13:29
|w 2025-07-11
|y ARTI
|
| 990 |
|
|
|a DT199
|b TD
|
| 998 |
|
|
|a AAQ
|b BIBUN76
|
| 999 |
|
|
|c 38354
|d 38354
|